[Event "Barcelona Sants op 21st"]
[Site "Barcelona"]
[Date "2019.09.01"]
[Round "10"]
[White "Garcia Ramos, Daniel"]
[Black "Sperling, Lennart"]
[Result "1-0"]
[WhiteElo "2348"]
[BlackElo "2151"]
[PlyCount "35"]
[EventDate "2019.08.23"]
[EventType "swiss"]
[EventRounds "10"]
[EventCountry "ESP"]
[SourceTitle "EXT 2020"]
[Source "ChessBase"]
[SourceDate "2019.10.17"]
[SourceVersion "1"]
[SourceVersionDate "2019.10.17"]
[SourceQuality "1"]

1. e4 c6 2. d4 d5 3. e5 c5 4. dxc5 e6 5. a3 Nc6 6. Nf3 Bxc5 7. b4 Bb6 8. Bb2 Nge7 9. Bd3 Ng6 10. 0-0 Nf4 11. c4 0-0 12. Re1 Nxd3 13. Qxd3 dxc4 14. Qxc4 Bd7 15. Nc3 Rc8 16. Qg4 Ne7 17. Rad1 Nd5 18. Nxd5 1-0

[Event "London Classic op 10th"]
[Site "London"]
[Date "2018.12.15"]
[Round "7"]
[White "Derakhshani, Borna"]
[Black "Sperling, Lennart"]
[Result "0-1"]
[WhiteElo "2325"]
[BlackElo "2116"]
[PlyCount "104"]
[EventDate "2018.12.09"]
[EventType "swiss"]
[EventRounds "9"]
[EventCountry "ENG"]
[SourceTitle "CBM 187 Extra"]
[Source "ChessBase"]
[SourceDate "2018.11.04"]
[SourceVersion "1"]
[SourceVersionDate "2018.11.04"]
[SourceQuality "1"]

1. Nf3 Nf6 2. c4 c6 3. Nc3 d5 4. e3 e6 5. b3 Nbd7 6. Bb2 Bd6 7. d4 Qe7 8. Qc2 b6 9. Bd3 Bb7 10. 0-0 0-0 11. Rfe1 Rac8 12. a4 Bb4 13. Re2 c5 14. Na2 Ba5 15. Ne5 h6 16. Ba3 Rfd8 17. f4 Ne4 18. Qb2 Bb4 19. Rd1 Bxa3 20. Qxa3 Ndf6 21. a5 Qc7 22. cxd5 Bxd5 23. Rc1 Qb8 24. Ba6 Bb7 25. Bxb7 Qxb7 26. a6 Qa8 27. Rec2 Nd5 28. dxc5 Rxc5 29. Rxc5 Nxc5 30. b4 Ne4 31. Nc6 Nxf4 32. Nxd8 Ne2+ 33. Kf1 Nxc1 34. Nxc1 Qxd8 35. Nd3 Qd5 36. Ke1 Qc4 37. Ne5 Qc2 38. Qd3 Qf2+ 39. Kd1 Qxg2 40. Qd8+ Kh7 41. Qd4 f6 42. Nd7 e5 43. Nf8+ Kg8 44. Qd8 Qf1+ 45. Kc2 Qc4+ 46. Kd1 Qd3+ 47. Qxd3 Nf2+ 48. Ke2 Nxd3 49. Nd7 Nxb4 50. Nxb6 Nxa6 51. Nc8 Nc5 52. Nxa7 Kf7 0-1

[Event "London Classic op 10th"]
[Site "London"]
[Date "2018.12.15"]
[Round "8"]
[White "Sperling, Lennart"]
[Black "Elsness, Frode"]
[Result "0-1"]
[WhiteElo "2116"]
[BlackElo "2447"]
[PlyCount "80"]
[EventDate "2018.12.09"]
[EventType "swiss"]
[EventRounds "9"]
[EventCountry "ENG"]
[SourceTitle "CBM 187 Extra"]
[Source "ChessBase"]
[SourceDate "2018.11.04"]
[SourceVersion "1"]
[SourceVersionDate "2018.11.04"]
[SourceQuality "1"]

1. d4 Nf6 2. c4 e6 3. g3 d5 4. Bg2 dxc4 5. Nf3 c5 6. 0-0 Nc6 7. Qa4 Bd7 8. Qxc4 b5 9. Qd3 c4 10. Qc2 Be7 11. Nc3 Rc8 12. a3 Na5 13. Bf4 Nd5 14. Ne5 Nxf4 15. gxf4 0-0 16. Nxd7 Qxd7 17. Rad1 Bd6 18. e3 Nb3 19. d5 e5 20. fxe5 Bxe5 21. Ne4 Nc5 22. Nxc5 Rxc5 23. f4 Bd6 24. e4 f6 25. Qc3 Qc7 26. Qh3 Bxf4 27. d6 Qb6 28. Qe6+ Kh8 29. Kh1 Be5 30. Qe7 Qd8 31. Qxa7 Rc6 32. Rd5 Rxd6 33. Rxb5 Qe8 34. Rb7 Qh5 35. h3 Rd3 36. Qf2 Rfd8 37. Qf5 Qe8 38. Qg4 Rg3 39. Qe2 Qe6 40. a4 Rxh3+ 0-1

[Event "London Classic op 10th"]
[Site "London"]
[Date "2018.12.14"]
[Round "6"]
[White "Sperling, Lennart"]
[Black "Bates, Richard"]
[Result "1/2-1/2"]
[WhiteElo "2116"]
[BlackElo "2372"]
[PlyCount "81"]
[EventDate "2018.12.09"]
[EventType "swiss"]
[EventRounds "9"]
[EventCountry "ENG"]
[SourceTitle "CBM 187 Extra"]
[Source "ChessBase"]
[SourceDate "2018.11.04"]
[SourceVersion "1"]
[SourceVersionDate "2018.11.04"]
[SourceQuality "1"]

1. d4 Nf6 2. c4 g6 3. g3 Bg7 4. Bg2 0-0 5. Nc3 d6 6. Nf3 Nc6 7. 0-0 Bg4 8. d5 Na5 9. Nd2 c5 10. Qc2 a6 11. Rb1 b5 12. h3 Bf5 13. e4 Bd7 14. b3 Rb8 15. Bb2 e5 16. Ne2 Ne8 17. f4 f5 18. Kh2 bxc4 19. bxc4 Rb4 20. Ba1 exf4 21. Nxf4 Bxa1 22. Rxa1 Qf6 23. Nd3 Rb8 24. e5 dxe5 25. Nxc5 Bc8 26. Qc3 Nb7 27. Nd3 Ned6 28. Qxe5 Qxe5 29. Nxe5 Nc5 30. Rab1 Rxb1 31. Rxb1 Re8 32. Nc6 Re2 33. Nb3 Nd3 34. Nbd4 Re8 35. Bf1 Nc5 36. Nb3 Na4 37. Rc1 Kf7 38. c5 Ne4 39. Bc4 Naxc5 40. Nxc5 Nxc5 41. Rd1 1/2-1/2

[Event "London Classic op 10th"]
[Site "London"]
[Date "2018.12.11"]
[Round "3"]
[White "Taylor, Adam C"]
[Black "Sperling, Lennart"]
[Result "1-0"]
[WhiteElo "2331"]
[BlackElo "2116"]
[PlyCount "117"]
[EventDate "2018.12.09"]
[EventType "swiss"]
[EventRounds "9"]
[EventCountry "ENG"]
[SourceTitle "CBM 187 Extra"]
[Source "ChessBase"]
[SourceDate "2018.11.04"]
[SourceVersion "1"]
[SourceVersionDate "2018.11.04"]
[SourceQuality "1"]

1. Nf3 Nf6 2. g3 d5 3. c4 c6 4. cxd5 cxd5 5. Bg2 Nc6 6. 0-0 Bf5 7. d3 e6 8. Be3 Bd6 9. Qb3 Qe7 10. Nc3 0-0 11. Rac1 Rac8 12. Nb5 b6 13. Nxd6 Qxd6 14. Nd4 Nxd4 15. Bxd4 e5 16. Bc3 Rfd8 17. Qa4 Bd7 18. Qh4 d4 19. Bd2 Rxc1 20. Rxc1 Rc8 21. Rxc8+ Bxc8 22. f4 h6 23. Bf3 Be6 24. b3 Bd5 25. fxe5 Qxe5 26. Qf4 Qxf4 27. Bxf4 Bxf3 28. exf3 Nd7 29. Kf1 f6 30. Bc1 Ne5 31. Ke2 Nc6 32. g4 Kf7 33. Ba3 g6 34. Bd6 b5 35. Bc5 f5 36. gxf5 gxf5 37. Kf2 Kg6 38. Kg3 a6 39. Kf4 Kf6 40. Bd6 h5 41. Bc5 Kg6 42. b4 Kf6 43. a3 h4 44. Bb6 Kg6 45. Bc7 Kf6 46. h3 Kg6 47. Be5 Nd8 48. Bxd4 Ne6+ 49. Ke3 f4+ 50. Ke4 Ng5+ 51. Kxf4 Nxh3+ 52. Kg4 Ng5 53. f4 h3 54. Be5 Nf7 55. f5+ Kh7 56. Bf4 Nh6+ 57. Kg5 Nf7+ 58. Kf6 Nh6 59. Ke6 1-0

[Event "Gelsenkirchen Silvester op 5th"]
[Site "Gelsenkirchen"]
[Date "2017.12.29"]
[Round "4"]
[White "Schulz Runge, Michael"]
[Black "Sperling, Lennart"]
[Result "1/2-1/2"]
[WhiteElo "1768"]
[BlackElo "2028"]
[PlyCount "26"]
[EventDate "2017.12.27"]
[EventType "swiss"]
[EventRounds "5"]
[EventCountry "GER"]
[SourceTitle "CBM 182 Extra"]
[Source "ChessBase"]
[SourceDate "2018.02.23"]
[SourceVersion "1"]
[SourceVersionDate "2018.02.23"]
[SourceQuality "1"]

1. c4 c5 2. Nc3 Nc6 3. g3 g6 4. Bg2 Bg7 5. e3 e6 6. Nge2 Nge7 7. d4 cxd4 8. exd4 d5 9. cxd5 exd5 10. 0-0 0-0 11. Bf4 Bg4 12. Qd2 Qd7 13. Rfc1 Bh3 1/2-1/2

[Event "Gelsenkirchen Silvester op 5th"]
[Site "Gelsenkirchen"]
[Date "2017.12.28"]
[Round "3"]
[White "Podzielny, Karl Heinz"]
[Black "Sperling, Lennart"]
[Result "1-0"]
[WhiteElo "2350"]
[BlackElo "2028"]
[PlyCount "81"]
[EventDate "2017.12.27"]
[EventType "swiss"]
[EventRounds "5"]
[EventCountry "GER"]
[SourceTitle "CBM 182 Extra"]
[Source "ChessBase"]
[SourceDate "2018.02.23"]
[SourceVersion "1"]
[SourceVersionDate "2018.02.23"]
[SourceQuality "1"]

1. d4 d5 2. Nf3 Nf6 3. c4 c6 4. Nc3 g6 5. Bg5 Ne4 6. Bh4 Bg7 7. e3 0-0 8. Qb3 dxc4 9. Bxc4 Nd6 10. Be2 Be6 11. Qc2 Nd7 12. e4 c5 13. Rd1 Qe8 14. h3 cxd4 15. Nxd4 Rc8 16. Nxe6 fxe6 17. 0-0 Nc5 18. f3 Be5 19. Bg5 b5 20. Qd2 b4 21. Nb1 b3 22. axb3 Nxb3 23. Qe3 Rb8 24. Nc3 Rb4 25. Kh1 Bd4 26. Qd3 Rf7 27. Qa6 Qb8 28. Bh6 Nc5 29. Qa1 e5 30. Rb1 Nb3 31. Qa2 e6 32. Bd1 Nc5 33. Bc2 Nc4 34. Na4 Nb3 35. Bxb3 Rxb3 36. Rbc1 Qb5 37. Rfd1 Rd7 38. Nc5 Rxb2 39. Qxc4 Qxc4 40. Rxc4 Rc7 41. Rdc1 1-0

[Event "Goch op 27th"]
[Site "Goch"]
[Date "2016.09.04"]
[Round "6"]
[White "Heinemann, Ernst"]
[Black "Sperling, Lennart"]
[Result "1/2-1/2"]
[WhiteElo "2163"]
[BlackElo "1843"]
[PlyCount "64"]
[EventDate "2016.09.01"]
[EventType "swiss"]
[EventRounds "7"]
[EventCountry "GER"]
[SourceTitle "EXT 2018"]
[Source "ChessBase"]
[SourceDate "2017.10.13"]
[SourceVersion "1"]
[SourceVersionDate "2017.10.13"]
[SourceQuality "1"]

1. e4 c6 2. d4 d5 3. Nc3 dxe4 4. Nxe4 Bf5 5. Ng3 Bg6 6. h4 h6 7. Bc4 e6 8. N1e2 Nf6 9. Nf4 Bh7 10. c3 Bd6 11. 0-0 Nd5 12. Qg4 Nxf4 13. Bxf4 Bxf4 14. Qxf4 Nd7 15. Rfe1 0-0 16. Re2 Nf6 17. Rae1 Re8 18. Qf3 Rc8 19. Bb3 Qd6 20. Nf1 b5 21. Ne3 Be4 22. Qh3 Nd5 23. Nxd5 cxd5 24. Qe3 Bg6 25. Qd2 a5 26. Re3 Re7 27. Bd1 b4 28. Rg3 Kh8 29. Ree3 Rec7 30. Qe2 Bf5 31. Bc2 Bxc2 32. Qxc2 Qf4 1/2-1/2

[Event "Goch op 27th"]
[Site "Goch"]
[Date "2016.09.04"]
[Round "7"]
[White "Sperling, Lennart"]
[Black "Martino Gross, Peter"]
[Result "1/2-1/2"]
[WhiteElo "1843"]
[BlackElo "2037"]
[PlyCount "55"]
[EventDate "2016.09.01"]
[EventType "swiss"]
[EventRounds "7"]
[EventCountry "GER"]
[SourceTitle "EXT 2018"]
[Source "ChessBase"]
[SourceDate "2017.10.13"]
[SourceVersion "1"]
[SourceVersionDate "2017.10.13"]
[SourceQuality "1"]

1. c4 c5 2. g3 Nf6 3. Bg2 Nc6 4. Nc3 g6 5. Nf3 Bg7 6. d4 cxd4 7. Nxd4 0-0 8. 0-0 Nxd4 9. Qxd4 d6 10. Qd3 a6 11. e4 Rb8 12. Rd1 Be6 13. Nd5 Bxd5 14. cxd5 Ng4 15. Qe2 Ne5 16. f4 Nd7 17. Be3 b5 18. Rac1 Rc8 19. Rxc8 Qxc8 20. Rc1 Qb7 21. Rc6 Nb8 22. Rc2 Rc8 23. Bh3 Nd7 24. Qd1 Rc4 25. Rxc4 bxc4 26. Qa4 Nf6 27. Qxc4 Qxb2 28. Bc1 1/2-1/2

[Event "Goch op 27th"]
[Site "Goch"]
[Date "2016.09.02"]
[Round "2"]
[White "Nent, Alexander"]
[Black "Sperling, Lennart"]
[Result "1/2-1/2"]
[WhiteElo "2095"]
[BlackElo "1843"]
[PlyCount "47"]
[EventDate "2016.09.01"]
[EventType "swiss"]
[EventRounds "7"]
[EventCountry "GER"]
[SourceTitle "EXT 2018"]
[Source "ChessBase"]
[SourceDate "2017.10.13"]
[SourceVersion "1"]
[SourceVersionDate "2017.10.13"]
[SourceQuality "1"]

1. Nf3 c5 2. c4 Nc6 3. Nc3 g6 4. g3 Bg7 5. Bg2 e5 6. 0-0 Nge7 7. Ne1 d6 8. Nc2 Be6 9. Ne3 Rb8 10. d3 a6 11. a4 Nb4 12. Ned5 Nexd5 13. cxd5 Bd7 14. a5 b6 15. axb6 Rxb6 16. Bd2 Qc8 17. Na2 Nxa2 18. Rxa2 0-0 19. Qc2 Qb7 20. Bc3 Rc8 21. f4 Re8 22. e4 f5 23. fxe5 Bxe5 24. Bxe5 1/2-1/2